Cricket: Most Sixes in a T20i Innings by a Single Batsman - Statistics

General Stats
  • This quiz has been taken 18 times
  • The average score is 12 of 21
Answer Stats
For Against Year Score 6s Answer % Correct
WI ENG 2016 100* (48) 11 Chris Gayle
100%
WI SA 2007 117 (57) 10 Chris Gayle
100%
AUS ENG 2013 156 (63) 14 Aaron Finch
94%
AUS ZIM 2018 172 (76) 10 Aaron Finch
94%
IND SL 2017 118 (43) 10 Rohit Sharma
75%
NZ AUS 2018 105 (54) 9 Martin Guptill
69%
WI IND 2017 125* (62) 12 Evin Lewis
63%
WI IND 2016 100 (49) 9 Evin Lewis
63%
WI PAK 2017 91 (51) 9 Evin Lewis
63%
AUS SL 2016 145* (65) 9 Glenn Maxwell
63%
AUS IND 2019 113* (55) 9 Glenn Maxwell
63%
NZ BAN 2017 94* (41) 10 Corey Anderson
56%
SA BAN 2017 101* (36) 9 David Miller
56%
AFG IRE 2019 162* (62) 16 Hazratullah Zazai
56%
NZ WI 2018 104 (53) 10 Colin Munro
44%
AFG IRE 2017 89 (30) 9 Mohammad Nabi
44%
WI BAN 2012 85* (43) 9 Marlon Samuels
31%
SA NZ 2012 117* (51) 13 Richard Levi
25%
SCO NED 2019 127* (56) 14 George Munsey
19%
WI IRE 2020 91* (40) 10 Lendl Simmons
19%
SA ENG 2009 94 (45) 9 Loots Bosman
6%
No matching quizzes found
Score Distribution
Percent of People with Each Score
Percentile by Number Answered
Your Score History
You have not taken this quiz